Video Games by Country of Developer - Statistics

General Stats
  • This quiz has been taken 20 times
  • The average score is 7 of 16
Answer Stats
Picture Answer % Correct
United States
85%
China
80%
Japan
70%
Poland
65%
United Kingdom
55%
Canada
50%
France
45%
Belgium
40%
Australia
35%
Denmark
35%
Estonia
35%
Turkey
35%
Finland
30%
Czech Republic
20%
Sweden
20%
New Zealand
10%
No matching quizzes found
Score Distribution
Percent of People with Each Score
Percentile by Number Answered
Your Score History
You have not taken this quiz